Normal view MARC view
  • Lefevre, A.M.

Entry Nombre Personal

Number of records used in: 1

001 - NUMERO DE CONTROL

  • campo de control: 51225

003 - IDENTIFICADOR DE NUMERO DE CONTROL

  • campo de control: UPN

005 - FECHA Y HORA DE LA ÜLTIMA TRANSACCIÓN

  • campo de control: 20240227101339.0

008 - DATOS DE LONGITUD FIJA

  • campo de control de longitud fija: 240227 n acnnnaabn n aaa d

040 ## - FUENTE DE CATALOGACIÓN

  • Agencia original de catalogación: MX-MxUPN
  • Lenguaje de catalogación: spa

100 1# - ENCABEZAMIENTO - NOMBRE PERSONAL

  • Nombre personal: Lefevre, A.M.

670 ## - FUENTE EN LA QUE SE LOCALIZARON DATOS

  • Información localizada: cubierta (A.M. Lefebre)

902 ## - CATALOGADOR

  • Catalogador: VíctorGodínez/270224